[Event "II Open"]
[Site "Crema ITA"]
[Date "2000.09.15"]
[Round "1"]
[White "Aloisio, Salvatore"]
[Black "Pinotti, Claudio"]
[Result "0-1"]
[WhiteElo "1516"]
[BlackElo "1747"]
[PlyCount "121"]
[EventDate "2000.09.15"]

1.e4 e6 2.d4 d5 3.Nc3 Nf6 4.Bg5 Be7 5.e5 Nfd7 6.Bxe7 Qxe7 7.Nf3 a6 8.Be2 
c5 9.O-O Nc6 10.Re1 O-O 11.Bf1 cxd4 12.Nxd4 Qb4 13.Nxc6 bxc6 14.Qc1 f6 15.
a3 Qb8 16.exf6 Nxf6 17.Qg5 Qxb2 18.Na4 Qd4 19.c4 Ne4 20.Qe3 Qxe3 21.Rxe3 
Rb8 22.f3 Nd2 23.Nc5 Nxf1 24.Kxf1 dxc4 25.Rc1 Rf4 26.Ne4 a5 27.g3 Rf5 28.
Nd6 Rc5 29.Ke1 Ba6 30.Rxe6 Bb5 31.Ne4 Rd5 32.Nc3 Kf7 33.Re3 Rdd8 34.Rc2 
Rd3 35.Ke2 Rbd8 36.a4 Ba6 37.h3 Rb8 38.Kf2 Rb3 39.f4 Bc8 40.g4 Be6 41.Rce2
Rxe3 42.Rxe3 Bd5 43.Nd1 Rxe3 44.Kxe3 Ke7 45.Kd4 Kd6 46.Nc3 Ke6 47.Ke3 Kd6 
48.h4 g6 49.Kf2 Ke6 50.Ke3 Bg2 51.Ne2 c5 52.Nc3 Bh3 53.Ne4 Bxg4 54.Nxc5+ 
Kd5 55.Nb7 Bd7 56.Nxa5 Bxa4 57.Nb7 c3 58.Kd3 c2 59.Kd2 Kd4 60.h5 gxh5 61.
f5 0-1

[Event "II Open"]
[Site "Crema ITA"]
[Date "2000.09.15"]
[Round "1"]
[White "Biava, Pierluigi"]
[Black "Agnelli, Francesco"]
[Result "0-1"]
[WhiteElo "1588"]
[BlackElo "2123"]
[PlyCount "44"]
[EventDate "2000.09.15"]

1.e4 c5 2.Nf3 Nc6 3.d4 cxd4 4.Nxd4 Nf6 5.Nc3 e5 6.Nde2 Bc5 7.Bg5 Bxf2+ 8.
Kd2 h6 9.Bxf6 Qxf6 10.Nd5 Qg5+ 11.Kc3 O-O 12.Qd3 b5 13.b3 a5 14.Nc7 Nb4 
15.Qf3 Bb7 16.Qxf2 Rac8 17.Qb6 Qd8 18.Kd2 Rxc7 19.c3 d5 20.Qxb5 dxe4+ 21.
Kc1 Qg5+ 22.Kb2 Qd2+ 0-1

[Event "II Open"]
[Site "Crema ITA"]
[Date "2000.09.15"]
[Round "1"]
[White "Everet, Alexandro"]
[Black "Poretti, Ennio"]
[Result "1-0"]
[WhiteElo "2348"]
[BlackElo "1614"]
[PlyCount "98"]
[EventDate "2000.09.15"]

1.d4 Nf6 2.Nc3 g6 3.Bg5 Bg7 4.Qd2 d6 5.O-O-O O-O 6.e4 Nc6 7.f3 a6 8.h4 b5 
9.Bh6 e5 10.dxe5 Nxe5 11.h5 Be6 12.g4 Qe7 13.Bg5 b4 14.Nd5 Bxd5 15.exd5 a5
16.Re1 Qd8 17.Be2 Re8 18.Nh3 a4 19.Qxb4 c5 20.Qa3 Qb6 21.Bxf6 Bxf6 22.g5 
Bg7 23.f4 Nd7 24.hxg6 hxg6 25.Bg4 Reb8 26.c3 Nf8 27.Rh2 Qa6 28.Rd2 Ra7 29.
Re3 Qf1+ 30.Bd1 Qa6 31.Re4 Qc8 32.Nf2 Rba8 33.Be2 Qd7 34.Nd1 Re8 35.Rxe8 
Qxe8 36.Bd3 Qe1 37.Kc2 Qg3 38.Rf2 Nd7 39.Bb5 Nb6 40.c4 Qg4 41.Qd3 Re7 42.
a3 Qg1 43.Re2 Rxe2+ 44.Qxe2 Qd4 45.Qe3 Qxe3 46.Nxe3 Kf8 47.b3 axb3+ 48.
Kxb3 Ke7 49.a4 Kd8 1-0

[Event "II Open"]
[Site "Crema ITA"]
[Date "2000.09.15"]
[Round "1"]
[White "Mariano, Elia"]
[Black "Malloggi, Stefano"]
[Result "1-0"]
[WhiteElo "2093"]
[BlackElo "1579"]
[PlyCount "49"]
[EventDate "2000.09.15"]

1.d4 Nf6 2.c4 g6 3.Nc3 Bg7 4.e4 d6 5.Nf3 e5 6.dxe5 dxe5 7.Qxd8+ Kxd8 8.
Nxe5 Be6 9.Bg5 Ke8 10.Nf3 c6 11.Be2 Nbd7 12.O-O Nc5 13.Nd2 Nfd7 14.Be3 Rd8
15.f4 f5 16.e5 a6 17.b4 Nxe5 18.fxe5 Bxe5 19.bxc5 Bxc3 20.Rad1 Bd4 21.Bxd4
Rxd4 22.Nf3 Re4 23.Rfe1 Ke7 24.Ng5 Re5 25.Bf3 1-0

[Event "II Open"]
[Site "Crema ITA"]
[Date "2000.09.15"]
[Round "1"]
[White "Masotti, Roberto"]
[Black "Menato, Nazario"]
[Result "1-0"]
[WhiteElo "1684"]
[BlackElo "1399"]
[PlyCount "59"]
[EventDate "2000.09.15"]

1.d4 Nf6 2.Nf3 e6 3.Bg5 h6 4.Bh4 Be7 5.Nbd2 d5 6.e3 O-O 7.Bd3 c5 8.c3 Nbd7
9.Ne5 cxd4 10.exd4 Qc7 11.Ndf3 b6 12.O-O a5 13.Qe2 Bd6 14.Rfe1 Nh5 15.Qe3 
Nxe5 16.dxe5 Bc5 17.Qd2 Ba6 18.Bxa6 Rxa6 19.g4 g5 20.gxh5 gxh4 21.Qxh6 f5 
22.Kh1 Bxf2 23.Rg1+ Bg3 24.hxg3 h3 25.Qxe6+ Kh8 26.Nh4 Qb7 27.Ng6+ Kg7 28.
h6+ Kh7 29.Nxf8+ Kh8 30.Qf6+ 1-0

[Event "II Open"]
[Site "Crema ITA"]
[Date "2000.09.15"]
[Round "1"]
[White "Megli, Massimo"]
[Black "Folcini, Gaddo"]
[Result "1-0"]
[WhiteElo "1725"]
[BlackElo "1500"]
[PlyCount "47"]
[EventDate "2000.09.15"]

1.e4 d5 2.exd5 Nf6 3.Nf3 e6 4.Bb5+ c6 5.dxc6 bxc6 6.Ba4 Bc5 7.O-O e5 8.
Nxe5 Qd6 9.c3 Qxe5 10.Re1 Ne4 11.d4 Qf5 12.dxc5 Qxf2+ 13.Kh1 Qh4 14.Nd2 
O-O 15.Rxe4 Qg5 16.Nf3 Qxc5 17.Qd4 Qa5 18.Re5 Qa6 19.Bf4 Nd7 20.Rg5 f6 21.
Bb3+ Kh8 22.Rh5 Rb8 23.Bxb8 Nxb8 24.Nh4 1-0

[Event "II Open"]
[Site "Crema ITA"]
[Date "2000.09.15"]
[Round "1"]
[White "Mondello, Fernando"]
[Black "Ausmins, Elmar"]
[Result "0-1"]
[WhiteElo "1605"]
[BlackElo "2324"]
[PlyCount "62"]
[EventDate "2000.09.15"]

1.e4 c5 2.Nf3 d6 3.d4 cxd4 4.Nxd4 Nf6 5.Nc3 Nc6 6.Be3 e5 7.Nxc6 bxc6 8.Bc4
Be7 9.Bb3 Ba6 10.f3 O-O 11.Qd2 Qc7 12.g4 Rad8 13.g5 Nh5 14.O-O-O g6 15.Ne2
d5 16.exd5 cxd5 17.Ng3 d4 18.Bf2 Nf4 19.Ne4 Be2 20.Rde1 Bb4 21.Rxe2 Bxd2+ 
22.Rxd2 a5 23.a4 Rb8 24.Kb1 Kg7 25.h4 Rxb3 26.cxb3 Qb6 27.Rc1 Qxb3 28.Rxd4
Nd3 29.Rxd3 Qxd3+ 30.Ka1 Qxf3 31.Bc5 Qd3 0-1

[Event "II Open"]
[Site "Crema ITA"]
[Date "2000.09.15"]
[Round "1"]
[White "Orlando, Luigi"]
[Black "Festa, Samuele"]
[Result "1-0"]
[WhiteElo "1812"]
[BlackElo "1554"]
[PlyCount "97"]
[EventDate "2000.09.15"]

1.Nf3 d5 2.g3 Nf6 3.Bg2 e6 4.O-O Be7 5.d3 O-O 6.Nbd2 b6 7.c4 c6 8.cxd5 
exd5 9.b3 Nbd7 10.Nd4 Nb8 11.Bb2 Bd7 12.Rc1 Re8 13.Re1 Bd6 14.e4 Be5 15.
N2f3 Bg4 16.Qc2 Bxf3 17.Nxf3 Bxb2 18.Qxb2 dxe4 19.dxe4 Nxe4 20.Ne5 Nc5 21.
b4 Ncd7 22.Red1 Qf6 23.Nc4 Qxb2 24.Nxb2 a6 25.Bxc6 Nxc6 26.Rxc6 Nf6 27.
Rxb6 Re2 28.Rbd6 h6 29.R6d2 Rae8 30.Kf1 R2e4 31.a3 R4e5 32.Nc4 R5e6 33.Rd6
Kf8 34.Ne3 g6 35.Ng2 Ke7 36.Rxe6+ Kxe6 37.Nf4+ Kf5 38.Nd5 Nxd5 39.Rxd5+ 
Re5 40.Rd7 Kf6 41.Rd6+ Re6 42.Rxe6+ Kxe6 43.Ke2 Kd5 44.Kd3 f6 45.f4 h5 46.
h3 g5 47.fxg5 fxg5 48.a4 g4 49.h4 1-0

[Event "II Open"]
[Site "Crema ITA"]
[Date "2000.09.15"]
[Round "1"]
[White "Pagnoncelli, Marco"]
[Black "Bellini, Roberto"]
[Result "1-0"]
[WhiteElo "2082"]
[BlackElo "1575"]
[PlyCount "87"]
[EventDate "2000.09.15"]

1.e4 c5 2.Nf3 d6 3.d4 cxd4 4.Nxd4 Nf6 5.Nc3 a6 6.Bg5 e5 7.Nde2 Be7 8.Bxf6 
Bxf6 9.Nd5 Nc6 10.Ng3 Bg5 11.Bc4 O-O 12.h4 Bf4 13.Nh5 Be6 14.Nhxf4 exf4 
15.Qd2 Ne5 16.Be2 Rc8 17.Nxf4 Qb6 18.b3 Qc6 19.Bd3 Nxd3+ 20.cxd3 Qc3 21.
Qxc3 Rxc3 22.O-O Rfc8 23.Rae1 g6 24.Re2 b5 25.Rd2 b4 26.Ne2 R3c7 27.f3 f6 
28.Kf2 Kf7 29.Ke3 h6 30.Rdd1 Ke7 31.Rc1 Rc5 32.d4 Rxc1 33.Rxc1 Rxc1 34.
Nxc1 d5 35.Nd3 a5 36.Nf4 dxe4 37.Nxe6 Kxe6 38.fxe4 Kd6 39.Kf4 Ke6 40.g3 h5
41.g4 g5+ 42.hxg5 h4 43.gxf6 Kxf6 44.g5+ 1-0

[Event "II Open"]
[Site "Crema ITA"]
[Date "2000.09.15"]
[Round "1"]
[White "Pedini, Dario"]
[Black "Drei, Andrea"]
[Result "0-1"]
[WhiteElo "1626"]
[BlackElo "2350"]
[PlyCount "78"]
[EventDate "2000.09.15"]

1.e4 c5 2.Nc3 Nc6 3.g3 g6 4.d3 d6 5.Bg2 Bg7 6.f4 e6 7.Nf3 Nge7 8.O-O O-O 
9.Be3 Nd4 10.Rb1 Nec6 11.Ne2 Qa5 12.a3 Rb8 13.c3 Nxf3+ 14.Bxf3 b5 15.e5 
Qc7 16.exd6 Qxd6 17.b4 cxb4 18.cxb4 Nd4 19.Nxd4 Bxd4 20.Qd2 Rd8 21.Rfd1 
Bb7 22.Bxb7 Rxb7 23.Qf2 Rc7 24.Bxd4 Qxd4 25.Qxd4 Rxd4 26.Rb3 Rc2 27.Re1 
Rd2 28.Re3 Kf8 29.Rc3 Ke7 30.Rf3 Kd7 31.Re3 Rd6 32.Re5 a6 33.a4 bxa4 34.
Ra5 Ra2 35.b5 Rb6 36.Rxa6 Rxb5 37.Ra7+ Kd6 38.Rc1 a3 39.Rxf7 Rd2 0-1

[Event "II Open"]
[Site "Crema ITA"]
[Date "2000.09.15"]
[Round "1"]
[White "Perchinunno, Antonio"]
[Black "Scarpellini, Felice"]
[Result "0-1"]
[WhiteElo "1263"]
[BlackElo "1633"]
[PlyCount "104"]
[EventDate "2000.09.15"]

1.d4 Nf6 2.Nf3 e6 3.g3 d5 4.Bf4 Be7 5.Bg2 Nbd7 6.Nbd2 O-O 7.O-O b6 8.c3 
Bb7 9.Rc1 c5 10.a3 Rc8 11.Re1 cxd4 12.cxd4 b5 13.b4 Nb6 14.Nb3 Nc4 15.Nc5 
Bc6 16.Qd3 a5 17.Ne5 axb4 18.axb4 Nd7 19.Nexd7 Bxd7 20.e4 Bc6 21.Qe2 dxe4 
22.Bxe4 Bxe4 23.Qxe4 Bf6 24.Rcd1 Re8 25.Nb7 Qd5 26.Qxd5 exd5 27.Rxe8+ Rxe8
28.Nd6 Nxd6 29.Bxd6 Re2 30.Bc5 h6 31.Kf1 Rc2 32.Ke1 Kh7 33.Rd2 Rxd2 34.
Kxd2 Kg6 35.Ke3 Kf5 36.h3 h5 37.f3 g5 38.g4+ hxg4 39.hxg4+ Ke6 40.f4 gxf4+
41.Kxf4 Bh4 42.Bf8 f6 43.Bc5 Be1 44.g5 Bd2+ 45.Kg4 Bxg5 46.Bf8 Bd2 47.Kf3 
f5 48.Ke2 Bc1 49.Kf3 Kf6 50.Bd6 Kg5 51.Bf8 Bb2 52.Bc5 Kf6 0-1

[Event "II Open"]
[Site "Crema ITA"]
[Date "2000.09.15"]
[Round "1"]
[White "Righini, Giovanni"]
[Black "Marson, Antonio"]
[Result "1-0"]
[WhiteElo "1755"]
[BlackElo "1525"]
[PlyCount "77"]
[EventDate "2000.09.15"]

1.e4 c6 2.d4 d5 3.exd5 cxd5 4.c4 Nf6 5.Nc3 Nc6 6.c5 e5 7.Bb5 exd4 8.Qxd4 
Qe7+ 9.Be3 Bd7 10.Bxc6 bxc6 11.f3 g6 12.Nge2 Bg7 13.Bg5 O-O 14.O-O Rfe8 
15.b4 h6 16.Bh4 g5 17.Bf2 Nh7 18.Qd3 a5 19.a3 Qd8 20.Bd4 Bf6 21.Bxf6 Qxf6 
22.Nd4 Nf8 23.b5 cxb5 24.Nxd5 Qe5 25.Nb6 Rad8 26.Rac1 Be6 27.Rfd1 Ng6 28.
Qxb5 Qe3+ 29.Kh1 Nf4 30.Nxe6 Rxd1+ 31.Rxd1 Qxe6 32.h3 Nxh3 33.Qf1 Nf4 34.
a4 Ne2 35.Qf2 Qg6 36.g3 Qh5+ 37.Kg2 Qg6 38.Rd6 Qc2 39.Rxh6 1-0

[Event "II Open"]
[Site "Crema ITA"]
[Date "2000.09.15"]
[Round "1"]
[White "Ruggeri, Dario"]
[Black "Bonazzi, Edoardo"]
[Result "0-1"]
[WhiteElo "1579"]
[BlackElo "2085"]
[PlyCount "68"]
[EventDate "2000.09.15"]

1.e4 c5 2.c3 d5 3.exd5 Qxd5 4.d4 cxd4 5.cxd4 Nc6 6.Nf3 e5 7.Nc3 Bb4 8.Bd2 
Bxc3 9.Bxc3 e4 10.Ne5 Nxe5 11.dxe5 Ne7 12.Qxd5 Nxd5 13.Bb5+ Bd7 14.Bxd7+ 
Kxd7 15.Rd1 Ke6 16.Bd4 Nf4 17.g3 Nd3+ 18.Ke2 Rhd8 19.Ke3 Rxd4 20.Kxd4 Nxf2
21.Ke3 Nxh1 22.Rxh1 Rc8 23.Kxe4 Rc2 24.Rd1 Rxb2 25.Rd8 Rxa2 26.Re8+ Kd7 
27.Rf8 Ke7 28.Rb8 Rb2 29.Rc8 Rd2 30.h4 Rd8 31.Rc3 Rd7 32.Ra3 b5 33.h5 b4 
34.Ra5 Rb7 0-1

[Event "II Open"]
[Site "Crema ITA"]
[Date "2000.09.15"]
[Round "1"]
[White "Sanavio, Giancarlo"]
[Black "Tencati, Giuseppe"]
[Result "1/2-1/2"]
[WhiteElo "1561"]
[BlackElo "2061"]
[PlyCount "79"]
[EventDate "2000.09.15"]

1.Nf3 d5 2.c4 c6 3.b3 Bf5 4.Bb2 e6 5.g3 Nf6 6.Bg2 Nbd7 7.O-O Bd6 8.d3 O-O 
9.Nbd2 Qe7 10.d4 Ne4 11.Nh4 Ndf6 12.Nxf5 exf5 13.Nf3 Nd7 14.Qd3 a6 15.Nh4 
g6 16.Qe3 Rfe8 17.f4 Bb4 18.Nf3 f6 19.Rac1 Rac8 20.Rc2 Qf7 21.Qc1 Nb6 22.
a3 Bf8 23.Nh4 Rcd8 24.Rf3 Qe6 25.Bh3 Nc8 26.Re3 Ne7 27.Qf1 dxc4 28.bxc4 b5
29.cxb5 cxb5 30.Nf3 Nd5 31.Rd3 Rc8 32.Qc1 Rxc2 33.Qxc2 Rc8 34.Qd1 Nd6 35.
Nd2 Nc4 36.Nxc4 bxc4 37.Rf3 c3 38.Bc1 Rb8 39.Qc2 Qe4 40.Qd3 1/2-1/2

[Event "II Open"]
[Site "Crema ITA"]
[Date "2000.09.15"]
[Round "1"]
[White "Santandrea, Marco"]
[Black "Massa, Salvenrico"]
[Result "1/2-1/2"]
[WhiteElo "1543"]
[BlackElo "1762"]
[PlyCount "94"]
[EventDate "2000.09.15"]

1.e4 c5 2.c3 d5 3.exd5 Qxd5 4.d4 cxd4 5.cxd4 Nf6 6.Nc3 Qa5 7.Nf3 e6 8.Bd2 
Bb4 9.a3 Bxc3 10.Bxc3 Qd5 11.Bd3 Ne4 12.Rc1 Nxc3 13.Rxc3 Nc6 14.Bb1 O-O 
15.Qd3 f5 16.Rc5 Qd6 17.O-O Bd7 18.Ba2 Kh8 19.Re1 Rae8 20.Rc3 Qf4 21.Ne5 
Nxe5 22.dxe5 Bc6 23.Qe3 Qh4 24.Qg3 Qh5 25.f4 Rd8 26.Rc2 Rfe8 27.Qe3 Be4 
28.Rd2 Qg6 29.Bc4 a6 30.Bf1 Bd5 31.Rc1 Rc8 32.Rcc2 Rxc2 33.Rxc2 Qg4 34.Rc3
Bc6 35.Qg3 Qxg3 36.hxg3 Bd5 37.Rc2 h6 38.Rc7 Kg8 39.Be2 Kf8 40.g4 fxg4 41.
Bxg4 g6 42.g3 Re7 43.Rxe7 Kxe7 44.Kf2 b5 45.Ke3 Kd7 46.Kd4 Kc6 47.b4 Kb6 
1/2-1/2

[Event "II Open"]
[Site "Crema ITA"]
[Date "2000.09.15"]
[Round "1"]
[White "Sartorio, Diego"]
[Black "Nigroni, Stefano"]
[Result "1-0"]
[WhiteElo "1705"]
[BlackElo "1446"]
[PlyCount "49"]
[EventDate "2000.09.15"]

1.e4 e5 2.Nf3 Nc6 3.d4 d6 4.dxe5 Nxe5 5.Nxe5 dxe5 6.Qxd8+ Kxd8 7.Bc4 f5 8.
Bg5+ Be7 9.Bxe7+ Nxe7 10.Nc3 fxe4 11.O-O-O+ Ke8 12.Nb5 Bg4 13.Nxc7+ Kf8 
14.Nxa8 Bxd1 15.Rxd1 g6 16.Rd8+ Kg7 17.Rxh8 Kxh8 18.Nc7 a6 19.Kd2 Nf5 20.
Bd5 Nd6 21.Ke3 Kg7 22.Bxe4 a5 23.Bd3 b6 24.a4 h5 25.Nd5 1-0

[Event "II Open"]
[Site "Crema ITA"]
[Date "2000.09.15"]
[Round "1"]
[White "Vigano', Massimo"]
[Black "Epitome, Nando"]
[Result "1-0"]
[WhiteElo "2170"]
[BlackElo "1594"]
[PlyCount "86"]
[EventDate "2000.09.15"]

1.e4 c5 2.Nf3 d6 3.d4 cxd4 4.Nxd4 Nf6 5.Nc3 a6 6.Be3 e6 7.f3 Be7 8.Qd2 Bd7
9.g4 Nc6 10.g5 Nh5 11.Rg1 Rc8 12.O-O-O g6 13.Be2 Ng7 14.f4 Qc7 15.Kb1 Rf8 
16.Bg4 f5 17.exf5 gxf5 18.Bf3 Na5 19.Be2 Nc4 20.Bxc4 Qxc4 21.Nf3 Bc6 22.
Rg3 Bxf3 23.Rxf3 Kf7 24.Bd4 Rc6 25.Rh3 Kg8 26.Qf2 e5 27.fxe5 dxe5 28.Bxe5 
Bxg5 29.Rg3 Bf6 30.Qxf5 Bxe5 31.Qxe5 Rg6 32.b3 Qc6 33.Nd5 Nf5 34.Rdg1 Rf7 
35.Qxf5 Rxf5 36.Ne7+ Kf7 37.Nxc6 bxc6 38.Kb2 Rf2 39.h3 Rh2 40.Kc3 h5 41.
Kd3 h4 42.Re3 Rgg2 43.Rxg2 Rxh3 1-0

[Event "II Open"]
[Site "Crema ITA"]
[Date "2000.09.15"]
[Round "1"]
[White "Vismara, Daniele"]
[Black "Giussani, Giovanni"]
[Result "1-0"]
[WhiteElo "2246"]
[BlackElo "1600"]
[PlyCount "48"]
[EventDate "2000.09.15"]

1.Nf3 f5 2.c4 e6 3.g3 Nf6 4.Bg2 Be7 5.d4 O-O 6.O-O c6 7.Nc3 d5 8.Ne5 Ne4 
9.Qd3 Nd7 10.Nxd7 Bxd7 11.f3 dxc4 12.Qxc4 Nd6 13.Qd3 Bg5 14.Bxg5 Qxg5 15.
f4 Qf6 16.Rfc1 Rac8 17.e3 b6 18.Rc2 c5 19.dxc5 bxc5 20.Qxd6 Rfd8 21.Qe5 
Qf8 22.Rd2 Qe7 23.Rd6 Kf7 24.Rad1 Bc6 1-0

[Event "II Open"]
[Site "Crema ITA"]
[Date "2000.09.15"]
[Round "2"]
[White "Acunzo, Domenico"]
[Black "Sanavio, Giancarlo"]
[Result "1-0"]
[WhiteElo "1656"]
[BlackElo "1561"]
[PlyCount "93"]
[EventDate "2000.09.15"]

1.e4 d6 2.d4 Nf6 3.Nc3 g6 4.Be2 Bg7 5.Nf3 O-O 6.O-O Nbd7 7.e5 dxe5 8.dxe5 
Ng4 9.e6 Ndf6 10.exf7+ Kh8 11.Bc4 Bd7 12.h3 Nh6 13.Ng5 Qc8 14.Re1 Rd8 15.
Qe2 Nf5 16.Rd1 Nd6 17.Bb3 c5 18.Qxe7 Nf5 19.f8=Q+ Rxf8 20.Nf7+ Rxf7 21.
Qxf7 Nd4 22.Bg5 Be8 23.Qc4 b5 24.Qf1 Nh5 25.a3 c4 26.Ba2 Qf5 27.Be3 Nxc2 
28.Rd5 Qf7 29.Rad1 Bf6 30.Bc1 Bc6 31.Rd6 Rc8 32.Bb1 Nxa3 33.bxa3 Bxc3 34.
Bh6 Ba5 35.Qe2 Re8 36.Qg4 Nf6 37.Qd4 Re6 38.Rxe6 Qxe6 39.Bg5 Kg7 40.Qxa7+ 
Qf7 41.Bxf6+ Kxf6 42.Qxa5 Kg7 43.Qc3+ Kh6 44.Qe3+ Kg7 45.Qe5+ Kh6 46.Rd4 
g5 47.Rd6+ 1-0

[Event "II Open"]
[Site "Crema ITA"]
[Date "2000.09.15"]
[Round "2"]
[White "Agnelli, Francesco"]
[Black "Gualazzi, Paolo"]
[Result "1-0"]
[WhiteElo "2123"]
[BlackElo "1654"]
[PlyCount "55"]
[EventDate "2000.09.15"]

1.e4 e5 2.Nf3 Nc6 3.Bb5 a6 4.Ba4 Nf6 5.d3 b5 6.Bb3 Be7 7.c3 O-O 8.Nbd2 d5 
9.Qe2 dxe4 10.dxe4 Bg4 11.h3 Bh5 12.Nf1 Bg6 13.Ng3 Na5 14.Bc2 Nd7 15.h4 h6
16.b3 c6 17.Be3 Qc7 18.h5 Bh7 19.Nh4 Rfe8 20.Nhf5 Bf8 21.Qf3 Nf6 22.Nxh6+ 
Kh8 23.Nhf5 Nb7 24.Nxg7 Nd5 25.h6 Nxc3 26.Bg5 Re6 27.Bf6 Kg8 28.Qg4 1-0

[Event "II Open"]
[Site "Crema ITA"]
[Date "2000.09.15"]
[Round "2"]
[White "Ausmins, Elmar"]
[Black "Megli, Massimo"]
[Result "1-0"]
[WhiteElo "2324"]
[BlackElo "1725"]
[PlyCount "63"]
[EventDate "2000.09.15"]

1.d4 Nf6 2.Nf3 g6 3.c4 Bg7 4.Nc3 O-O 5.e4 d6 6.Be2 e5 7.O-O exd4 8.Nxd4 
Nbd7 9.Bg5 h6 10.Bh4 g5 11.Bg3 Re8 12.f3 Nh5 13.Bf2 Ne5 14.g3 Nf6 15.Nd5 
c6 16.Ne3 a6 17.Ndf5 Bf8 18.Qc2 Be6 19.Rad1 Rc8 20.Nxd6 Bxd6 21.c5 Qa5 22.
Rxd6 Qxa2 23.f4 gxf4 24.gxf4 Ned7 25.e5 Nd5 26.Nxd5 cxd5 27.f5 Bxf5 28.
Qxf5 Nxe5 29.Rxh6 Qxb2 30.Qh7+ Kf8 31.Qh8+ Ke7 32.Qf6+ 1-0

[Event "II Open"]
[Site "Crema ITA"]
[Date "2000.09.15"]
[Round "2"]
[White "Bellini, Roberto"]
[Black "Perchinunno, Antonio"]
[Result "1-0"]
[WhiteElo "1575"]
[BlackElo "1263"]
[PlyCount "92"]
[EventDate "2000.09.15"]

1.d4 Nf6 2.c4 g6 3.Nc3 d5 4.Nf3 Bg7 5.e3 Bf5 6.Qb3 dxc4 7.Bxc4 O-O 8.Ng5 
e6 9.Qxb7 Nbd7 10.e4 Nb6 11.Bb3 h6 12.exf5 hxg5 13.fxg6 Qxd4 14.gxf7+ Kxf7
15.Qxc7+ Nbd7 16.O-O Rfc8 17.Qg3 g4 18.Be3 Qb4 19.Rad1 Nc5 20.Rd4 Qb6 21.
Qf4 Kg8 22.Rd6 Qb8 23.Bxc5 Rxc5 24.Rfd1 Qf8 25.Rxe6 Kh8 26.h3 Qb8 27.Qe3 
Rc8 28.hxg4 Qh2+ 29.Kxh2 Nxg4+ 30.Kg1 Nxe3 31.Rxe3 Bh6 32.Rh3 Kg7 33.Rd7+ 
Kg6 34.Bc2+ Kg5 35.f4+ Kxf4 36.Rxh6 Re8 37.Rf7+ Ke3 38.Ba4 Re5 39.Rh3+ Kd4
40.Kf2 Rb8 41.Rd7+ Kc5 42.b3 Rf8+ 43.Rf3 Rc8 44.Rxa7 Kd4 45.Nb5+ Kd5 46.
Rd7+ Ke6 1-0

[Event "II Open"]
[Site "Crema ITA"]
[Date "2000.09.15"]
[Round "2"]
[White "Bonazzi, Edoardo"]
[Black "Distratis, Gianluca"]
[Result "1/2-1/2"]
[WhiteElo "2085"]
[BlackElo "1633"]
[PlyCount "72"]
[EventDate "2000.09.15"]

1.c4 e5 2.g3 d6 3.Bg2 f5 4.Nc3 Nf6 5.e3 Be7 6.Nge2 O-O 7.O-O c6 8.d4 Nbd7 
9.b3 Kh8 10.Bb2 Qe8 11.Qc2 Qh5 12.Rad1 Ng4 13.h3 Ndf6 14.hxg4 Nxg4 15.Rfe1
Qh2+ 16.Kf1 f4 17.Nxf4 exf4 18.exf4 Bg5 19.fxg5 Bf5 20.Ne4 d5 21.f4 Bxe4 
22.Bxe4 Qxg3 23.Qg2 Ne3+ 24.Rxe3 Qxe3 25.f5 Qxe4 26.Qxe4 dxe4 27.f6 gxf6 
28.gxf6 Rxf6+ 29.Ke2 Rf7 30.d5+ Kg8 31.Rg1+ Kf8 32.dxc6 bxc6 33.Ke3 Re8 
34.Bd4 a6 35.Bc5+ Ree7 36.Bxe7+ Kxe7 1/2-1/2

[Event "II Open"]
[Site "Crema ITA"]
[Date "2000.09.15"]
[Round "2"]
[White "D'Ettorre, Ireneo"]
[Black "Festa, Samuele"]
[Result "0-1"]
[WhiteElo "1711"]
[BlackElo "1554"]
[PlyCount "127"]
[EventDate "2000.09.15"]

1.c4 Nf6 2.Nf3 c5 3.d4 cxd4 4.Nxd4 Nc6 5.Nb3 d5 6.cxd5 Qxd5 7.Bd2 Bf5 8.
Nc3 Qd8 9.f3 e5 10.e4 Be6 11.Be2 a6 12.Be3 Bb4 13.O-O O-O 14.Na4 Qxd1 15.
Bxd1 Nd7 16.Bc2 Rac8 17.Rac1 Rfd8 18.a3 Be7 19.Nb6 Nxb6 20.Bxb6 Rd7 21.
Rfd1 Rxd1+ 22.Bxd1 Bd8 23.Be3 Be7 24.Kf1 Rd8 25.Ke1 Rd3 26.Rc3 Rxc3 27.
bxc3 Bxa3 28.Nc5 Bc8 29.Kd2 Kf8 30.Kc2 Na5 31.Be2 Ke7 32.Na4 Be6 33.Nc5 
Bc4 34.Bxc4 Nxc4 35.Bf2 Bxc5 36.Bxc5+ Kd7 37.Kd3 b5 38.g3 Kc6 39.Bf8 g6 
40.f4 a5 41.Bg7 exf4 42.gxf4 a4 43.Kc2 h5 44.h4 Ne3+ 45.Kd3 Ng2 46.Be5 
Nxh4 47.Ke2 f5 48.Bf6 Ng2 49.Kf3 Ne1+ 50.Ke2 Nc2 51.Kd2 Na3 52.e5 Nc4+ 53.
Kc1 Kd5 54.Be7 a3 55.Kb1 Ke6 56.Bg5 Nxe5 57.fxe5 Kxe5 58.Ka2 f4 59.Kxa3 f3
60.Bh4 g5 61.Bf2 Kd5 62.Kb4 Kc6 63.Bc5 h4 64.Bf2 0-1

[Event "II Open"]
[Site "Crema ITA"]
[Date "2000.09.15"]
[Round "2"]
[White "Drei, Andrea"]
[Black "Righini, Giovanni"]
[Result "1-0"]
[WhiteElo "2350"]
[BlackElo "1755"]
[PlyCount "37"]
[EventDate "2000.09.15"]

1.e4 e6 2.d3 d5 3.Nd2 Nf6 4.Ngf3 c5 5.g3 Nc6 6.Bg2 Be7 7.O-O O-O 8.Re1 Qc7
9.c3 d4 10.e5 Nd7 11.Qe2 b5 12.Ne4 Bb7 13.Bf4 Nb6 14.Nf6+ Kh8 15.Ng5 Bxf6 
16.exf6 Qd8 17.Nxh7 Nd5 18.Qh5 Nxf4 19.gxf4 1-0

[Event "II Open"]
[Site "Crema ITA"]
[Date "2000.09.15"]
[Round "2"]
[White "Folcini, Gaddo"]
[Black "Mondello, Fernando"]
[Result "0-1"]
[WhiteElo "1500"]
[BlackElo "1605"]
[PlyCount "62"]
[EventDate "2000.09.15"]

1.d4 Nf6 2.e4 Nxe4 3.Bd3 Nf6 4.Bf4 d5 5.Nd2 Nc6 6.Ngf3 g6 7.h4 Bg7 8.c3 
Bg4 9.Qc2 Bxf3 10.Nxf3 Qd7 11.b4 Qg4 12.Bg3 Nh5 13.Nh2 Qe6+ 14.Be2 Nxg3 
15.fxg3 Qd6 16.O-O O-O 17.h5 e5 18.Rac1 exd4 19.c4 Nxb4 20.Qb3 d3 21.Bf3 
Qc5+ 22.Kh1 dxc4 23.Qa4 d2 24.Rb1 Nd3 25.Ng4 c3 26.Rb5 Qd4 27.Nh6+ Kh8 28.
Nxf7+ Rxf7 29.Qxd4 Bxd4 30.hxg6 hxg6 31.Rd5 Rh7+ 0-1

[Event "II Open"]
[Site "Crema ITA"]
[Date "2000.09.15"]
[Round "2"]
[White "Giretti Kanev, Jasen"]
[Black "Masotti, Roberto"]
[Result "1-0"]
[WhiteElo "2181"]
[BlackElo "1684"]
[PlyCount "35"]
[EventDate "2000.09.15"]

1.Nf3 e6 2.d4 b6 3.e4 Bb7 4.Bd3 c5 5.O-O cxd4 6.Nxd4 Nc6 7.Be3 Nb4 8.Nc3 
Nxd3 9.Qxd3 Bb4 10.Ndb5 Nf6 11.Qc4 Bxc3 12.Nd6+ Ke7 13.Nxb7 Rc8 14.Bc5+ 
Rxc5 15.Nxc5 Be5 16.Nd3 Bc7 17.e5 Nd5 18.Qh4+ 1-0

[Event "II Open"]
[Site "Crema ITA"]
[Date "2000.09.15"]
[Round "2"]
[White "Giussani, Giovanni"]
[Black "Nigroni, Stefano"]
[Result "1-0"]
[WhiteElo "1600"]
[BlackElo "1446"]
[PlyCount "45"]
[EventDate "2000.09.15"]

1.e4 e5 2.Nf3 Nc6 3.Bb5 a6 4.Ba4 Nf6 5.O-O Bc5 6.d3 O-O 7.Bg5 b5 8.Bb3 Na5
9.Nc3 Be7 10.Re1 d6 11.h3 Bd7 12.Qd2 c5 13.a3 Nxb3 14.cxb3 Bc6 15.Ne2 d5 
16.Nxe5 Qd6 17.Nxc6 Qxc6 18.e5 Nd7 19.Bxe7 Rfe8 20.Bd6 Re6 21.Rac1 Qb6 22.
Nf4 Ree8 23.Nxd5 1-0

[Event "II Open"]
[Site "Crema ITA"]
[Date "2000.09.15"]
[Round "2"]
[White "Marson, Antonio"]
[Black "Pedini, Dario"]
[Result "0-1"]
[WhiteElo "1525"]
[BlackElo "1626"]
[PlyCount "50"]
[EventDate "2000.09.15"]

1.d4 d5 2.Nf3 Nf6 3.Bf4 Bf5 4.e3 e6 5.Bd3 Bg6 6.Ne5 Bd6 7.Qe2 a6 8.Nd2 c5 
9.c3 Nc6 10.dxc5 Bxe5 11.Bg5 Bxd3 12.Qxd3 h6 13.Bh4 Qe7 14.b4 Nxb4 15.cxb4
Bxa1 16.f4 d4 17.O-O Bc3 18.Nb3 Bxb4 19.exd4 O-O 20.Ra1 a5 21.a3 a4 22.Nc1
Ba5 23.Qb5 Bd2 24.Ne2 Ba5 25.Ng3 Qd7 0-1

[Event "II Open"]
[Site "Crema ITA"]
[Date "2000.09.15"]
[Round "2"]
[White "Pinotti, Claudio"]
[Black "Everet, Alexandro"]
[Result "0-1"]
[WhiteElo "1747"]
[BlackElo "2348"]
[PlyCount "52"]
[EventDate "2000.09.15"]

1.e4 e5 2.Nf3 Nf6 3.Nxe5 Qe7 4.d4 d6 5.Nc4 d5 6.Ne3 dxe4 7.Be2 Qd8 8.c4 
Nc6 9.d5 Ne5 10.Nc3 Bc5 11.O-O Qe7 12.Qc2 Ng6 13.a3 a5 14.Rd1 O-O 15.Na4 
Bxe3 16.Bxe3 Ng4 17.Bc5 Qe5 18.g3 Re8 19.Re1 Qh5 20.Bxg4 Bxg4 21.Rxe4 Bf3 
22.Re3 Ne5 23.h4 Qg4 24.Kh2 f6 25.Rxe5 Rxe5 26.Be3 Rh5 0-1

[Event "II Open"]
[Site "Crema ITA"]
[Date "2000.09.15"]
[Round "2"]
[White "Poretti, Ennio"]
[Black "Aloisio, Salvatore"]
[Result "1-0"]
[WhiteElo "1614"]
[BlackElo "1516"]
[PlyCount "107"]
[EventDate "2000.09.15"]

1.e4 c5 2.Nf3 d6 3.d4 cxd4 4.Nxd4 Nf6 5.Nc3 e6 6.Bg5 Be7 7.Qd2 h6 8.Bh4 a6
9.f4 Nxe4 10.Bxe7 Nxd2 11.Bxd8 Nxf1 12.Rxf1 Kxd8 13.O-O-O d5 14.f5 Nc6 15.
fxe6 fxe6 16.Rf7 Nxd4 17.Rxd4 g5 18.Ne4 Re8 19.c4 Re7 20.cxd5 e5 21.Rxe7 
Kxe7 22.d6+ Kd8 23.Rd5 Bf5 24.Nf6 Rc8+ 25.Kd1 Bc2+ 26.Kd2 e4 27.Re5 Ba4 
28.Rxe4 Rc2+ 29.Kd3 Rf2 30.Rxa4 Rxf6 31.Ke3 Re6+ 32.Re4 Rxd6 33.Rd4 Kd7 
34.Rxd6+ Kxd6 35.Kd4 b6 36.g4 Ke6 37.a4 a5 38.Ke4 Kd6 39.Kf5 Kc5 40.Kg6 
Kb4 41.Kxh6 Kxa4 42.Kxg5 Kb3 43.h4 Kxb2 44.h5 a4 45.h6 a3 46.h7 a2 47.
h8=Q+ Kb1 48.Qh1+ Kb2 49.Qg2+ Kb1 50.Qf1+ Kb2 51.Qf6+ Kb1 52.Qxb6+ Ka1 53.
Qa5 Kb1 54.Qxa2+ 1-0